| 000 | 01576cam a2200313 a 4500 | ||
|---|---|---|---|
| 001 | 2717 | ||
| 003 | FISKH | ||
| 005 | 20240111092933.0 | ||
| 008 | 910319s1991 maua b 001 0 eng | ||
| 010 | _a 91071582 | ||
| 020 | _a0669200093 | ||
| 040 |
_aDLC _cDLC _dDLC _beng |
||
| 043 | _ae------ | ||
| 050 | 0 | 0 |
_aBR305.2 _b.J46 1992 |
| 082 | 0 | 0 |
_a940.2/3 _220 |
| 100 | 1 |
_aJensen, De Lamar, _d1925- |
|
| 245 | 1 | 0 |
_aReformation Europe : _bage of reform and revolution / _cDe Lamar Jensen. |
| 260 |
_aLexington, Mass. : _bD.C. Heath, _c1992 |
||
| 300 |
_axiv, 525 pages : _billustrations _c24 cm. |
||
| 490 | _vVolume 2 | ||
| 504 | _aIncludes bibliographical references and index. | ||
| 520 | _aThese popular volumes offer a comprehensive, challenging introduction to the politics, economic development, social life, culture, and thought of early modern Europe. The Renaissance volume includes discussion of political and religious life in the Italian city-states and an emphasis on the interrelationship of literature, philosophy, art, and science. The Reformation volume provides new examinations of the social and economic aspects of the Reformation and the significance of humanism during the early Reformation period. | ||
| 650 | 0 | _aReformation. | |
| 651 | 0 |
_aEurope _xChurch history. |
|
| 856 | 4 | 2 |
_3Publisher description _uhttp://www.loc.gov/catdir/enhancements/fy1215/91071582-d.html |
| 906 |
_a7 _bcbc _corignew _d2 _eopcn _f19 _gy-gencatlg |
||
| 942 |
_2lcc _cBK _n0 |
||
| 999 |
_c2717 _d2717 |
||